00577nam a2200181 a 450000500170000000800410001702000180005805000220007610000190009824500180011726000420013544000140017752000060019165000470019765000090024499900190025395201230027220140414132116.0101209s19uu xx 00 eng d a9781848102958 aREF 590bJ63 2010 aJohnson, Jinny aAnimal giant. aUnited Kingdom :bMiles Kelly,c2010. aMy top 20 a  aAnimalsxMiscellaneaxJuvenile literature. a x  c114914d114914 00104050aMUbMUcREFd2011-10-11eLib fundg719.00l0oREF 590 J63 2010pM6850r2014-04-14 00:00:00w2014-04-14yBK